Rick Steves' best of Italy [1995] : (Запис № 543759)
[ простий вигляд ]
| 000 -LEADER | |
|---|---|
| fixed length control field | 01417cam a2200313Ia 4500 |
| 001 - CONTROL NUMBER | |
| control field | rickstevesbestof00stev |
| 003 - CONTROL NUMBER IDENTIFIER | |
| control field | CaSfIA |
| 005 - DATE AND TIME OF LATEST TRANSACTION | |
| control field | 20210118215330.0 |
| 007 - PHYSICAL DESCRIPTION FIXED FIELD--GENERAL INFORMATION | |
| fixed length control field | cr|||| |
| 008 - FIXED-LENGTH DATA ELEMENTS--GENERAL INFORMATION | |
| fixed length control field | 950222s1995 nmub b 001 0 eng d |
| 040 ## - CATALOGING SOURCE | |
| Original cataloging agency | CXP |
| Transcribing agency | CXP |
| Modifying agency | OCL |
| -- | YDXCP |
| -- | OCLCG |
| -- | CaSfIA |
| 020 ## - INTERNATIONAL STANDARD BOOK NUMBER | |
| International Standard Book Number | 1562611984 (pbk.) : |
| Terms of availability | $11.95 |
| 020 ## - INTERNATIONAL STANDARD BOOK NUMBER | |
| International Standard Book Number | 9781562611989 (pbk.) |
| 035 ## - SYSTEM CONTROL NUMBER | |
| System control number | (OCoLC)32033911 |
| 043 ## - GEOGRAPHIC AREA CODE | |
| Geographic area code | e-it--- |
| 092 0# - LOCALLY ASSIGNED DEWEY CALL NUMBER (OCLC) | |
| Classification number | 914.504929 |
| Item number | St48r |
| Edition number | 20 |
| 100 1# - MAIN ENTRY--PERSONAL NAME | |
| Personal name | Steves, Rick, |
| Dates associated with a name | 1955- |
| 245 10 - TITLE STATEMENT | |
| Title | Rick Steves' best of Italy [1995] : |
| Medium | [electronic resource] |
| Remainder of title | make the most of every day and every dollar. |
| 246 10 - VARYING FORM OF TITLE | |
| Title proper/short title | Best of Italy, 1995 |
| 260 ## - PUBLICATION, DISTRIBUTION, ETC. (IMPRINT) | |
| Place of publication, distribution, etc | Santa Fe, N.M. : |
| Name of publisher, distributor, etc | John Muir Publications, |
| Date of publication, distribution, etc | c1995. |
| 300 ## - PHYSICAL DESCRIPTION | |
| Extent | 196 p. : |
| Other physical details | maps ; |
| Dimensions | 21 cm. |
| 504 ## - BIBLIOGRAPHY, ETC. NOTE | |
| Bibliography, etc | Includes bibliographical references (p. 9-10) and index. |
| 506 ## - RESTRICTIONS ON ACCESS NOTE | |
| Standardized terminology for access restriction | Необхідна авторизація на https://archive.org/ (створення облікового запису безкоштовно) |
| 506 ## - RESTRICTIONS ON ACCESS NOTE | |
| Standardized terminology for access restriction | Необхідна авторизація на https://openlibrary.org/ (створення облікового запису безкоштовно) |
| 651 #0 - SUBJECT ADDED ENTRY--GEOGRAPHIC NAME | |
| Geographic name | Italy |
| Form subdivision | Guidebooks. |
| 856 41 - ELECTRONIC LOCATION AND ACCESS | |
| Uniform Resource Identifier | <a href="http://www.archive.org/details/rickstevesbestof00stev">http://www.archive.org/details/rickstevesbestof00stev</a> |
| Public note | Free eBook from the Internet Archive |
| 856 42 - ELECTRONIC LOCATION AND ACCESS | |
| Uniform Resource Identifier | <a href="http://www.openlibrary.org/books/OL24218405M">http://www.openlibrary.org/books/OL24218405M</a> |
| Public note | Additional information and access via Open Library |
| 942 ## - ADDED ENTRY ELEMENTS (KOHA) | |
| Koha item type | ЕКнига |
Немає доступних примірників.